| 000 | 00526nam a2200157Ia 4500 | ||
|---|---|---|---|
| 003 | GCL | ||
| 008 | 140319s9999 xx 000 0 ara d | ||
| 040 |
_aGCL / _cGCL |
||
| 082 | 0 | 4 |
_a239 _bم س |
| 100 | 1 | _aمحمد بيومى مهران | |
| 245 | 1 | 0 |
_aالسيرة النبوية الشريفة / _cمحمد بيومى مهران |
| 490 |
_aفى رحاب النبى وآل بيته الطاهرين _v0 |
||
| 650 | 0 | 4 | _aالسيرة النبوية |
| 650 | 0 | 4 | _aالسيرة النبوية - الاخلاق |
| 942 |
_2ddc _cBK |
||
| 999 |
_c49381 _d49381 |
||